Normal view
MARC view
- صافي، وليد / م.مشارك: انس البكري
Entry Personal Name
001 - CONTROL NUMBER
- control field: 33334
003 - CONTROL NUMBER IDENTIFIER
- control field: JO-AjAnu
005 - DATE AND TIME OF LATEST TRANSACTION
- control field: 20230606075608.0
008 - FIXED-LENGTH DATA ELEMENTS
- fixed length control field: 230606|| aca||aabn | a|a d
040 ## - CATALOGING SOURCE
- Original cataloging agency: JO-AjAnu
- Transcribing agency: JO-AjAnu
100 ## - HEADING--PERSONAL NAME
- Personal name: صافي، وليد / م.مشارك: انس البكري
670 ## - SOURCE DATA FOUND
- Source citation: Work cat.: (JO-AjAnu)17125: صافي، وليد / م.مشارك: انس البكري, author, الاسواق المالية الدولية